Welcome to the Holygrace Academy Library

Please use search bar below to get started

THE HARDY BOYS - HOUSE ARREST (Record no. 7805)

MARC details
000 -LEADER
fixed length control field 00620nam a22001457a 4500
020 ## - INTERNATIONAL STANDARD BOOK NUMBER
ISBN 978-1-4169-6171-0
082 ## - DEWEY DECIMAL CLASSIFICATION NUMBER
Classification number 823
Item number DIX/H
100 ## - MAIN ENTRY--AUTHOR NAME
Personal name DIXON, FRANKLIN W
245 ## - TITLE STATEMENT
Title THE HARDY BOYS - HOUSE ARREST
260 ## - PUBLICATION, DISTRIBUTION, ETC. (IMPRINT)
Place of publication NEW YORK
Name of publisher ALADDIN PAPERBACKS
Year of publication 2008
300 ## - PHYSICAL DESCRIPTION
Number of Pages 162
520 ## - SUMMARY, ETC.
Summary, etc Following on from their last case, Frank and Joe Hardy stay undercover on the Deprivation House reality show. The suspect list has been narrowed now that the culprit behind the initial crimes has been caught. But, someone living in that house still has murder on their mind.
650 ## - SUBJECT ADDED ENTRY--TOPICAL TERM
Topical Term MYSTERY STORY
Geographic subdivision UNITED STATES
942 ## - ADDED ENTRY ELEMENTS (KOHA)
Koha item type Books
Holdings
Withdrawn status Lost status Collection code Home library Current library Shelving location Date acquired Source of acquisition Cost, normal purchase price Full call number Accession Number Koha item type
    Fiction Main Library Main Library NEW SHELF WITH NEW ENTRY 20/11/2023 purchase 250.00 823 DIX/H 13438 Books